A szegedi egyetemi hallgatók sportrepülőegyesülete [rövid hír]
Elmentve itt :
| Dokumentumtípus: | Cikk |
|---|---|
| Megjelent: |
1930-01-19
|
| Sorozat: | Délmagyarország
6 No. 15 |
| Kulcsszavak: | Sportrepülőklub 1930 |
| Online Access: | http://dmarchiv.bibl.u-szeged.hu/31861 |
| LEADER | 00449nab a2200145 i 4500 | ||
|---|---|---|---|
| 001 | delm31861 | ||
| 005 | 20180927103427.0 | ||
| 008 | 180927s1930 hu o 0|| hun d | ||
| 040 | |a SZTE Délmagyarország Archívum |b hun | ||
| 041 | |a hun | ||
| 245 | 0 | 2 | |a A szegedi egyetemi hallgatók sportrepülőegyesülete |h [elektronikus dokumentum] : |b [rövid hír] |
| 260 | |c 1930-01-19 | ||
| 300 | |a 11 | ||
| 490 | 0 | |a Délmagyarország |v 6 No. 15 | |
| 695 | |a Sportrepülőklub 1930 | ||